00726nam a2200205 a 450000100060000000300080000600500170001400800410003103500200007204000310009204100080012308200270013110000220015824500860018026000530026630000340031950000720035350400640042565000310048969138BD-RjUL20211209081843.0170410s1965 enkb b 001 0 eng d a(BD-RjUL) 69349 aAzTeScAzTeSdBD-RjULbeng aeng00a306.0959223bBUH 19651 aBurling, Robbins.10aHill farms and padi fields :blife in mainland Southeast Asia /cRobbins Burling. aN.J. Prentice-Hall :bEnglewood Cliffs, cc1965. aviii,180 p. :bill. ;c23 cm. aOriginally published: Englewood Cliffs, N.J. : Prentice-Hall, 1965. aIncludes bibliographical references (p. 159-164) and index. 0aEthnologyzSoutheast Asia.